书目信息 |
| 题名: |
心理医生
|
|
| 作者: | 易法建 主编 ;丁道群 编著 | |
| 分册: | ||
| 出版信息: | 重庆 重庆大学出版社 1996 |
|
| 页数: | 18,728页 | |
| 开本: | 20cm | |
| 丛书名: | ||
| 单 册: | ||
| 中图分类: | R395.1 | |
| 科图分类: | ||
| 主题词: | 医学心理学 | |
| 电子资源: | ||
| ISBN: | 7-5624-1205-7 | |
| 000 | 00664nam0 2200229 450 | |
| 001 | 1571716465 | |
| 005 | 20150121195605.81 | |
| 010 | @a7-5624-1205-7@dCNY26.00 | |
| 100 | @a20021005d1996 em y0chiy0110 ea | |
| 101 | 0 | @achi |
| 102 | @aCN@b510000 | |
| 105 | @ay z 000yy | |
| 200 | 1 | @a心理医生@Axin li yi sheng@9xin li yi sheng@f易法建主编@g丁道群等编著 |
| 210 | @a重庆@c重庆大学出版社@d1996 | |
| 215 | @a18,728页@d20cm | |
| 300 | @a实用心理医学全书 | |
| 606 | 0 | @a医学心理学 |
| 690 | @aR395.1@v5 | |
| 701 | 0 | @a易法建@9yi fa jian@f(1955~)@4主编 |
| 702 | 0 | @a丁道群@9ding dao qun@f(1971~)@4编著 |
| 801 | 0 | @aCN@bTSSF@c20150121 |
| 905 | @aZUCC@dB84@eJY185 | |
| 心理医生/易法建主编/丁道群等编著.-重庆:重庆大学出版社,1996 |
| 18,728页;20cm |
| 实用心理医学全书 |
| ISBN 7-5624-1205-7:CNY26.00 |
| ● |
| 相关链接 |
|
|
|
|
正题名:心理医生
索取号:B84/JY185
 
预约/预借
| 序号 | 登录号 | 条形码 | 馆藏地/架位号 | 状态 | 备注 |
| 1 | 7855502 | 278555029 | 学院路分馆/ [索取号:B84/JY185] | 在馆 |